Les acadiens-Michel Fugain & le Big Bazar - Statistiques

Statistiques générales
  • Ce quiz a été pris 18 fois
  • Le résultat moyen est 192 sur 251
Statistiques - réponses
Réponse % Correct
a
100%
à
100%
A
100%
acadiennes
100%
acadiens
100%
d'à
100%
dans
100%
de
100%
Des
100%
des
100%
la
100%
La
100%
le
100%
Le
100%
les
100%
Louisiane
100%
Qui
100%
qui
100%
Sont
100%
sont
100%
toutes
100%
américaines
93%
ça
93%
coin
93%
donc
93%
du
93%
Et
93%
et
93%
faute
93%
ils
93%
Ils
93%
Napoléon
93%
que
93%
sud
93%
Tous
93%
un
93%
violons
93%
américains
86%
danser
86%
une
86%
Y
86%
ce
79%
chanter
79%
Comme
79%
elles
79%
en
79%
femmes
79%
leur
79%
Mais
79%
musique
79%
ont
79%
sur
79%
toi
79%
Vont
79%
vont
79%
celle
71%
Celle
71%
grand
71%
même
71%
quand
71%
Quand
71%
Canada
64%
font
64%
tas
64%
côté
57%
gars
57%
jouent
57%
pas
57%
plus
57%
Pour
57%
pour
57%
soir
57%
ville
57%
bien
50%
C'est
50%
c'est
50%
ceux
50%
langue
50%
ne
50%
Rufus
50%
change
43%
chantent
43%
coton
43%
cueillette
43%
depuis
43%
encore
43%
grand-papa
43%
joues
43%
journée
43%
jours
43%
l'Amerique
43%
l'Amérique
43%
temps-là
43%
Thibodeaux
43%
chouette
36%
crème
36%
d'la
36%
doux
36%
écouter
36%
Finissent
36%
foncent
36%
genoux
36%
Oldsmobile
36%
peu
36%
poignée
36%
repeupler
36%
s'mettre
36%
suite
36%
Thidodeaux
36%
vieille
36%
Alors
29%
blanc
29%
bossé
29%
changer
29%
d'dollars
29%
dévalués
29%
manière
29%
montent
29%
oublier
29%
pensait
29%
Qu'avait
29%
qu'ça
29%
rêvée
29%
rêvent
29%
six
29%
Aucun quiz correspondant
Distribution des résultats
% des personnes avec chaque résultat
Percentile par nombre de réponses
Votre historique - résultats
Vous n’avez pas pris ce quiz